Children's Songs 20 pieces for keyboard, 20 Stücke für Klavier oder elektronisches Tasteninstrument

Children's Songs is an album by Jazz pianist Chick Corea, released in 1984. Children's Songs mainly consists of short songs with simple themes. There is little development in the pieces, which capture a variety of melodies and moods.

Bibliographic Details
Main Author: Corea, Chick 1941-
Format: Libro
Language:English
Published: Germany: Schott, 1994.
Subjects:

MARC

LEADER 00000cam a22000007a 4500
003 UAHC
005 20180816155513.0
008 180814s1994 gw |||| |||| 00| 0 eng d
952 |0 0  |1 0  |2 ddc  |4 0  |6 786_200000000000000_COR  |7 0  |8 BAS  |9 90382  |a BS  |b BS  |c General  |d 2018-08-14  |e Compra: Liberalia  |g 37800.00  |l 8  |m 17  |o 786.2 COR  |p 1461261  |r 2025-11-26 00:00:00  |s 2024-11-19  |t c.1  |v 37800.00  |w 2018-08-14  |x OC: 2121 / F: 22800  |y BK  |A 104  |B PMUS 
952 |0 0  |1 0  |2 ddc  |4 0  |6 786_200000000000000_COR  |7 0  |8 BAS  |9 90383  |a BS  |b BS  |c General  |d 2018-08-14  |e Compra: Liberalia  |g 37800.00  |l 7  |m 7  |o 786.2 COR  |p 1461262  |r 2025-11-26 00:00:00  |s 2024-04-23  |t c.2  |v 37800.00  |w 2018-08-14  |x OC: 2121 / F: 22800  |y BK  |A 104  |B PMUS 
999 |c 50989  |d 50989 
024 |a 9790001075930 
035 |a PEDAGOGIA 
040 |a UAHC_CL  |c UAHC_CL  |d UAHC_CL 
082 |2 21  |a 786.2  |b C797 
100 |9 4396  |a Corea, Chick  |d 1941- 
245 |a Children's Songs  |b 20 pieces for keyboard, 20 Stücke für Klavier oder elektronisches Tasteninstrument  |c Chick Corea. 
260 |a Germany:  |b Schott,  |c 1994. 
300 |a 54 p. 
520 |a Children's Songs is an album by Jazz pianist Chick Corea, released in 1984. Children's Songs mainly consists of short songs with simple themes. There is little development in the pieces, which capture a variety of melodies and moods. 
650 0 |9 4398  |a Música para piano 
650 0 |9 2269  |a  Piano  |x Estudio e instrucción 
942 |2 ddc  |c BK